000 00548nam a2200193 i 4500
001 150417
003 ES-MaACL
005 20260610142459.0
007 t|
008 071030s1973 sp ||||1| spa d
100 1 _aValéry, Paul,
_d1871-1945
_9243197
245 1 3 _aLa joven Parca /
_cPaul Valéry ; traducción de Mariano Brull.
250 _aEd. bilingüe.
260 _a[Barcelona] :
_bTusquets,
_c[1973]
300 _a83 p. ;
_c18 cm.
700 1 _aBrull, Mariano.
_932123
852 _aES-MaACL
_jC-55381
_bR.87846
999 _c150417
_d150417